Propuesta plan de prevención en materia de higiene y seguridad del trabajo para almacenadora LAFISE.

Presenta una propuesta plan de prevención en materia de higiene y seguridad del trabajo para almacenadora LAFISE, a través del cual se muestran un conjunto de medidas para prevenir y controlar todos los riesgos laborales encontrados dentro de la empresa.

Bibliographic Details
Main Authors: Aguirre Ochoa, Alcides Francisco, Espinoza Ruiz, Antonia María, Canales Gutiérrez, Daniel Alejandro
Other Authors: Tutor: Gutiérrez Martínez, Marbel Evaristo
Format: Tesis Section = Libro
Language:Undetermined
Spanish
Published: Managua UNI 2011
Subjects:
LEADER 01204nam a2200277Ia 4500
008 240830s9999 xx 000 0 und d
040 |a BIBLIOTECA-RUPAP Mon 363.11 A284 
041 |a spa 
082 |a Mon 363.11 A284 
100 1 |a Aguirre Ochoa, Alcides Francisco 
100 1 |b  Espinoza Ruiz, Antonia María 
100 1 |c  Canales Gutiérrez, Daniel Alejandro 
245 1 0 |a Propuesta plan de prevención en materia de higiene y seguridad del trabajo para almacenadora LAFISE. 
260 |a Managua  |b UNI  |c 2011 
300 |a 137 p. :il. 
500 |a Contiene: anexos e Incluye: CD. 
502 |a Tesis (Ingeniero Industrial)- UNI, 2011. 
520 3 |a Presenta una propuesta plan de prevención en materia de higiene y seguridad del trabajo para almacenadora LAFISE, a través del cual se muestran un conjunto de medidas para prevenir y controlar todos los riesgos laborales encontrados dentro de la empresa. 
650 7 |a SEGURIDAD E HIGIENE INDUSTRIAL 
650 7 |b RIESGOS OCUPACIONALES E INDUSTRIALES 
650 7 |c MEDIDAS DE SEGURIDAD 
650 7 |d PREVENCION DE ACCIDENTES 
700 1 |a Tutor:  |b Gutiérrez Martínez, Marbel Evaristo 
942 |c BK  |2 ddc 
991 |a TESIS 
999 |c 15429